| 000 | 00000nam##2200000za#4500 |
| 001 | 9.525121 |
| 003 | CaOODSP |
| 005 | 20200331224001 |
| 007 | ta |
| 008 | 150406|1994||||xxc||||| f|0| 0 fre|d |
| 020 | |a0-662-61501-8 |
| 040 | |aCaOODSP|bfre |
| 041 | |aeng |
| 041 | |afre |
| 043 | |an-cn--- |
| 086 | 1 |aC21-25/1-1994 |
| 110 | 1 |aCanada.|bIndustrie Canada. |bDirection de l'analyse micro-économique. |
| 245 | 10|aLes multinationales comme agents du changement : |bdéfinition d'une nouvelle politique canadienne en matière d'investissement étranger direct / |cpar Lorraine Eden. |
| 260 | |aOttawa - Ontario : |bIndustrie Canada. |c1994. |
| 300 | |aTexte français, 64p. : |btableaux ; |c28 cm. |
| 490 | 1 |aDocument de discussion|vN° 1 |
| 500 | |aSommaire: Introduction.--Organisation en étoile.--Rétrospective de la politique canadienne en matière d'IED.--Multinationales et intégration régionale: qui fait quoi après l'ALENA?--La production frugale: qui fait quoi dans la nouvelle économie?--Donner une nouvelle orientation à la politique du Canada.--Conclusion.--Notes.--Bibliographie. |
| 504 | |aBibliographie. |
| 546 | |aBilingue |
| 563 | |aCouverture souple |
| 691 | 07|aMultinationale|2gcpds |
| 691 | 07|aInvestissement|2gcpds |
| 720 | 1 |aEden, Lorraine |
| 776 | 0#|tMultinationals as agents of change |w(CaOODSP)9.571961 |
| 776 | 0#|tLes multinationales comme agents du changement |w(CaOODSP)9.602381 |
| 791 | |tMultinationals as agents of change : |eeng|w(CaOODSP)9.525120 |
| 830 | #0|aDocument de discussion ;|vN° 1|w(CaOODSP)9.509055 |